LEADER 00910nam a2200193 i 4500 001 000000012018 003 CaOOAMICUS 005 20180830125441.0 008 180830s1964 it d u000 u ita u 040 $aSeMil$bita 100 1 $aBidoli, Emilio.$0(OLS)http://semarc/name/2538 245 10$aDizionario :$bItaliano - Tedesco. Tedesco - Italiano /$cEmilio Bidoli, Guido Cosciani. 250 $a4. edizione. 260 $aTorino ; Milano ; Firenze ; Roma ; Napoli ; Palermo :$bParavia & C.,$c1964 (copyr. 1957) 300 $a2 v. ;$c23 cm. 650 4$aLingua tedesca - Dizionari, vocabolari, glossari, etc.$0(OLS)http://semarc/subject/696 700 1 $aCosciani, Guido.$0(OLS)http://semarc/name/2539 996 $6245$aDizionario :$bItaliano - Tedesco. Tedesco - Italiano$9(OLS)http://semarc/title/15943 996 $6260$aTorino ; Milano ; Firenze ; Roma ; Napoli ; Palermo :$bParavia & C.$9(OLS)http://semarc/publisher/32997